Invertarte: el arte de dominar tus finanzas e inversiones (Registro nro. 11176)
[ vista simple ]
| 000 -Cabecera | |
|---|---|
| Campo de control de longitud fija | 00766nam a22002777a 4500 |
| 005 - Fecha y hora de la última transacción | |
| Campo de control | 20250729122112.0 |
| 008 - Elementos de longitud fija--Información general | |
| Campo de control de longitud fija | 180926b2016 xxu||||| |||| 00| 0 spa d |
| 020 ## - International Standard Book Number | |
| Número Internacional Estándar del Libro (ISBN) | 978950641867 |
| 041 ## - Idioma | |
| Código de idioma | Español |
| 082 ## - Clasificación Decimal Dewey | |
| Número de clasificación | 332.024 R671i |
| 100 ## - Entrada principal--Autor personal | |
| Nombre personal | Rocco, Leonardo Emanuel |
| 9 (RLIN) | 49901 |
| 245 ## - Título propiamente dicho | |
| Título | Invertarte: el arte de dominar tus finanzas e inversiones |
| 260 ## - Pie de imprenta | |
| Lugar de publicación, distribución, etc. | Argentina |
| 260 ## - Pie de imprenta | |
| Nombre del editor, distribuidor, etc. | Granica |
| 260 ## - Pie de imprenta | |
| Fecha de publicación, distribución, etc. | 2016 |
| 300 ## - Descripción física | |
| Extensión | 251 páginas |
| 490 ## - Serie | |
| Título de la Serie | Dirección de Administración de Empresas |
| 650 ## - Materia general | |
| Temática (materia general) | FINANZAS PERSONALES |
| 650 ## - Materia general | |
| Temática (materia general) | PLANIFICACIÓN FINANCIERA |
| 650 ## - Materia general | |
| Temática (materia general) | HERENCIAS FAMILIARES |
| 650 ## - Materia general | |
| Temática (materia general) | JUBILACIÓN |
| 650 ## - Materia general | |
| Temática (materia general) | INVERSIONES |
| 650 ## - Materia general | |
| Temática (materia general) | EMPRENDEDURISMO |
| 650 ## - Materia general | |
| Temática (materia general) | EMPRESAS FAMILIARES |
| 942 ## - Punto de acceso adicional KOHA | |
| Tipo de ítem KOHA | Libro |
| Fuente del sistema de clasificación o colocación | Dewey Decimal Classification |
| Signatura completa | Código de barras | Programa Académico | Tipo de ítem |
|---|---|---|---|
| 332.024 R671i | 23588 | Dirección y Administración de Empresas | Libro |